| 000 | 01269nam a2200337 a 4500 | ||
|---|---|---|---|
| 001 | 000008143 | ||
| 003 | DO-SdBNP | ||
| 005 | 20240307073944.0 | ||
| 007 | ta | ||
| 008 | 090915s1977 dr a r 000 0 spa d | ||
| 040 |
_aDO-SdBNP _bspa _cBNPHU |
||
| 082 |
_a636.089 _bA473f |
||
| 100 | 1 |
_aÁlvarez V., Jesús M., _d1916- _922093 |
|
| 245 | 1 | 0 |
_aFasciolosis bovina en la República Dominicana / _cJesús M. Álvarez V., Emma T. Cordero de Castellanos. |
| 260 |
_aSanto Domingo, : _bUASD, _c1977. |
||
| 300 |
_a189 p. : _bil. ; _c23 cm. |
||
| 490 | 1 |
_aPublicaciones de la Universidad Autónoma de Santo Domingo _v224 |
|
| 490 | 1 |
_aCiencia y tecnología _v5 |
|
| 504 | _aBibliografía : p. 185-189 | ||
| 590 | _aInventariado, 2018/BT | ||
| 650 | 4 |
_aFascioliasis _zRepública Dominicana _922094 |
|
| 650 | 4 |
_aGanado _xEnfermedades _zRepública Dominicana _922095 |
|
| 650 | 4 |
_aDuela hepática _922096 |
|
| 650 | 4 |
_aParasitología veterinaria _922097 |
|
| 700 | 1 | 2 |
_aCordero de Castellanos, Emma T. _922098 |
| 710 | 1 |
_aUniversidad Autónoma de Santo Domingo _972951 |
|
| 830 | 0 |
_aPublicaciones de la Universidad Autónoma de Santo Domingo _n224 _922099 |
|
| 830 | 0 |
_aCiencia y tecnología _n5 _922100 |
|
| 910 | _aValidado. Control de calidad. MFF | ||
| 942 |
_2ddc _cLBS1 |
||
| 999 |
_c7920 _d7920 |
||